[Event "British Universities-ch"]
[Site "Leicester"]
[Date "2024.02.25"]
[Round "?"]
[White "O'Gorman, Tom"]
[Black "Lee, Zhia Chen Zachary"]
[Result "1-0"]
[WhiteElo "2277"]
[BlackElo "2004"]
[PlyCount "111"]
[EventDate "2024.02.24"]
[EventType "team-swiss (rapid)"]
[EventRounds "9"]
[EventCountry "ENG"]
[SourceTitle "CB11_2024"]
[SourceDate "2024.03.13"]
[SourceVersion "1"]
[SourceVersionDate "2024.03.13"]
[SourceQuality "1"]
[WhiteTeam "Oxford"]
[BlackTeam "Bristol"]
[WhiteTeamCountry "ENG"]
[BlackTeamCountry "ENG"]

1. e4 c6 2. Nf3 d5 3. d3 dxe4 4. dxe4 Qxd1+ 5. Kxd1 Nf6 6. Nbd2 h5 7. c3 g6 8. Ng5 Bh6 9. h4 Ng4 10. Ke1 Nd7 11. Nc4 Nb6 12. Nxb6 axb6 13. f3 Ne5 14. Bf4 Bg7 15. Be2 b5 16. Kd2 Nc4+ 17. Kc2 f6 18. Nh3 e5 19. Bc1 Bxh3 20. gxh3 Bh6 21. Bxh6 Rxh6 22. a4 Rd8 23. Kc1 Nxb2 24. axb5 Nd3+ 25. Kc2 Nf4 26. Bc4 Rh7 27. Ra7 Rhd7 28. Kb3 Ke7 29. Rg1 Kd6 30. Kb4 Rc7 31. Rd1+ Ke7 32. Rxd8 Kxd8 33. b6 Rd7 34. Ba6 bxa6 35. b7 Rxb7+ 36. Rxb7 Nxh3 37. Rf7 Nf4 38. Rxf6 Kd7 39. Kc5 Nd3+ 40. Kb6 Ne1 41. Kxa6 Ke7 42. Rxc6 Nxf3 43. Rxg6 Nxh4 44. Rg5 Nf3 45. Rxh5 Kd6 46. Kb6 Nd2 47. Rh6+ Kd7 48. Rh4 Kd6 49. Kb5 Nb1 50. Kb4 Nd2 51. c4 Kc6 52. c5 Kd7 53. Kb5 Kc7 54. c6 Nb3 55. Rh7+ Kd6 56. Kb6 1-0

[Event "British Universities-ch"]
[Site "Leicester"]
[Date "2024.02.25"]
[Round "?"]
[White "O'Gorman, Tom"]
[Black "Stoyanov, Viktor"]
[Result "1-0"]
[WhiteElo "2277"]
[BlackElo "2195"]
[PlyCount "32"]
[EventDate "2024.02.24"]
[EventType "team-swiss (rapid)"]
[EventRounds "9"]
[EventCountry "ENG"]
[SourceTitle "CB11_2024"]
[SourceDate "2024.03.13"]
[SourceVersion "1"]
[SourceVersionDate "2024.03.13"]
[SourceQuality "1"]
[WhiteTeam "Oxford"]
[BlackTeam "Warwick"]
[WhiteTeamCountry "ENG"]
[BlackTeamCountry "ENG"]

1. e4 e5 2. Nf3 Nc6 3. Bb5 Nf6 4. 0-0 Nxe4 5. Re1 Nd6 6. Nxe5 Be7 7. Bf1 Nxe5 8. Rxe5 0-0 9. d4 Bf6 10. Re1 Nf5 11. c3 d5 12. Bf4 c6 13. Nd2 Qb6 14. Qb3 Nh4 15. Nf3 Bf5 16. Ne5 Ng6 1-0

[Event "British Universities-ch"]
[Site "Leicester"]
[Date "2024.02.24"]
[Round "?"]
[White "Kwong, Wing Ki"]
[Black "O'Gorman, Tom"]
[Result "0-1"]
[WhiteElo "1819"]
[BlackElo "2277"]
[PlyCount "70"]
[EventDate "2024.02.24"]
[EventType "team-swiss (rapid)"]
[EventRounds "9"]
[EventCountry "ENG"]
[SourceTitle "CB11_2024"]
[SourceDate "2024.03.13"]
[SourceVersion "1"]
[SourceVersionDate "2024.03.13"]
[SourceQuality "1"]
[WhiteTeam "UCL"]
[BlackTeam "Oxford"]
[WhiteTeamCountry "ENG"]
[BlackTeamCountry "ENG"]

1. d4 d5 2. c4 e6 3. Nc3 c6 4. Nf3 dxc4 5. a4 Bb4 6. e3 b5 7. Bd2 Bb7 8. axb5 Bxc3 9. Bxc3 cxb5 10. b3 a5 11. bxc4 b4 12. Bb2 Nf6 13. Bd3 0-0 14. 0-0 Nbd7 15. Re1 Qc7 16. e4 e5 17. h3 exd4 18. e5 Bxf3 19. Qxf3 Nxe5 20. Qg3 Nfd7 21. Bxd4 f6 22. Be4 Rae8 23. f4 Qxc4 24. Rad1 Nc6 25. Bxc6 Qxc6 26. Qb3+ Kh8 27. Bf2 Nb6 28. Rxe8 Rxe8 29. Qf7 Rc8 30. Kh2 h6 31. Re1 Nd5 32. Bg3 b3 33. Re6 Qb5 34. Rd6 b2 35. Rxd5 b1Q 0-1

[Event "British Universities-ch"]
[Site "Leicester"]
[Date "2024.02.24"]
[Round "?"]
[White "O'Gorman, Tom"]
[Black "Fewell, Ewan"]
[Result "1/2-1/2"]
[WhiteElo "2277"]
[BlackElo "1833"]
[PlyCount "54"]
[EventDate "2024.02.24"]
[EventType "team-swiss (rapid)"]
[EventRounds "9"]
[EventCountry "ENG"]
[SourceTitle "CB11_2024"]
[SourceDate "2024.03.13"]
[SourceVersion "1"]
[SourceVersionDate "2024.03.13"]
[SourceQuality "1"]
[WhiteTeam "Oxford"]
[BlackTeam "Nottingham"]
[WhiteTeamCountry "ENG"]
[BlackTeamCountry "ENG"]

1. e4 e5 2. Nf3 Nc6 3. Bb5 a6 4. Ba4 Nf6 5. d3 b5 6. Bb3 Bc5 7. Nc3 d6 8. Nd5 h6 9. c3 0-0 10. Nxf6+ Qxf6 11. Bd5 Bb7 12. g4 Nd8 13. g5 hxg5 14. Bxg5 Qg6 15. Rg1 Bxd5 16. Bxd8 Bxe4 17. Rxg6 Bxg6 18. Bxc7 Bh5 19. b4 Ba7 20. a4 e4 21. dxe4 Rfe8 22. axb5 Rxe4+ 23. Kf1 Bg4 24. b6 Bh3+ 25. Kg1 Rg4+ 26. Kh1 Bg2+ 27. Kg1 Bh3+ 1/2-1/2

[Event "British Universities-ch"]
[Site "Leicester"]
[Date "2024.02.24"]
[Round "?"]
[White "O'Gorman, Tom"]
[Black "Honey, Luke Anthony"]
[Result "1-0"]
[WhiteElo "2277"]
[BlackElo "1667"]
[PlyCount "87"]
[EventDate "2024.02.24"]
[EventType "team-swiss (rapid)"]
[EventRounds "9"]
[EventCountry "ENG"]
[SourceTitle "CB11_2024"]
[SourceDate "2024.03.13"]
[SourceVersion "1"]
[SourceVersionDate "2024.03.13"]
[SourceQuality "1"]
[WhiteTeam "Oxford"]
[BlackTeam "Birmingham"]
[WhiteTeamCountry "ENG"]
[BlackTeamCountry "ENG"]

1. d4 d5 2. c4 c6 3. cxd5 cxd5 4. Nc3 Nf6 5. Bf4 Qb6 6. e3 Qxb2 7. Bb5+ Bd7 8. Bxd7+ Nbxd7 9. Nge2 Qa3 10. Rb1 Rc8 11. 0-0 a6 12. Rxb7 e6 13. Qb3 Bd6 14. Qxa3 Bxa3 15. Ra7 Bb4 16. Rxa6 0-0 17. Bd6 Bxd6 18. Rxd6 Ra8 19. Rb1 Ra7 20. f3 Rc8 21. Rb2 Ne8 22. Nb5 Rb7 23. Ra6 Rcb8 24. a4 Nb6 25. Nbc3 Nc7 26. Ra5 Nc4 27. Rxb7 Rxb7 28. Rc5 Kf8 29. Kf2 Ke7 30. e4 Na6 31. Rc8 Nb6 32. Rg8 g6 33. exd5 exd5 34. a5 Nc4 35. Nxd5+ Ke6 36. Nef4+ Kd6 37. Rd8+ Kc6 38. Nf6 h5 39. d5+ Kc5 40. Rc8+ Kd4 41. d6 Nxd6 42. Rc6 Rb2+ 43. Ne2+ Ke5 44. Rxa6 1-0

[Event "British Universities-ch"]
[Site "Leicester"]
[Date "2024.02.24"]
[Round "?"]
[White "O'Gorman, Tom"]
[Black "Kalavannan, Koby"]
[Result "1-0"]
[WhiteElo "2277"]
[BlackElo "2223"]
[PlyCount "84"]
[EventDate "2024.02.24"]
[EventType "team-swiss (rapid)"]
[EventRounds "9"]
[EventCountry "ENG"]
[SourceTitle "CB11_2024"]
[SourceDate "2024.03.13"]
[SourceVersion "1"]
[SourceVersionDate "2024.03.13"]
[SourceQuality "1"]
[WhiteTeam "Oxford"]
[BlackTeam "Cambridge"]
[WhiteTeamCountry "ENG"]
[BlackTeamCountry "ENG"]

1. e4 c5 2. Nf3 g6 3. Nc3 Bg7 4. g3 Nc6 5. Bg2 d6 6. 0-0 Bg4 7. h3 Bxf3 8. Bxf3 e6 9. d3 Nge7 10. Bg2 0-0 11. h4 Nd4 12. Ne2 Nxe2+ 13. Qxe2 c4 14. dxc4 Qc7 15. Rb1 Nc6 16. b3 Nb4 17. Bb2 a5 18. Bxg7 Kxg7 19. c3 Nc6 20. h5 a4 21. Rfd1 axb3 22. axb3 Ra5 23. Qd2 Rxh5 24. Qxd6 Qxd6 25. Rxd6 Ra5 26. Rd7 Ne5 27. Rxb7 Rd8 28. Rb5 Nc6 29. Rxa5 Nxa5 30. c5 Rb8 31. b4 Nc4 32. b5 Na3 33. Rb3 Rb7 34. b6 Rxb6 35. Rxa3 Rb5 36. Kf1 Rxc5 37. Ke2 g5 38. Ke3 Kf6 39. Kd4 h5 40. Ra2 Rb5 41. c4 Rb1 42. Ke3 Rd1 1-0

[Event "Wch Blitz"]
[Site "Samarkand"]
[Date "2023.12.29"]
[Round "11"]
[White "O'Gorman, Tom"]
[Black "Amangeldy, Ernur"]
[Result "1-0"]
[WhiteElo "2322"]
[BlackElo "2134"]
[PlyCount "109"]
[EventDate "2023.12.29"]
[EventType "swiss (blitz)"]
[EventRounds "21"]
[EventCountry "UZB"]
[SourceTitle "CB01_2024"]
[SourceDate "2024.01.03"]
[SourceVersion "1"]
[SourceVersionDate "2024.01.03"]
[SourceQuality "1"]

1. e4 c5 2. Nf3 d6 3. d4 cxd4 4. Qxd4 Bd7 5. Be2 Nc6 6. Qe3 g6 7. 0-0 Bg7 8. h3 Nf6 9. Rd1 0-0 10. c4 Qa5 11. Nc3 Be6 12. Bd2 Qc5 13. Rac1 Qxe3 14. Bxe3 Rfc8 15. b3 Nd7 16. Ng5 Nc5 17. f4 h6 18. Nxe6 Nxe6 19. Bf1 Rd8 20. f5 Nc5 21. fxg6 fxg6 22. Nd5 Kf7 23. Be2 Rac8 24. Rf1+ Ke8 25. Bg4 e6 26. Nf4 Bd4 27. Bxd4 Nxd4 28. Nxg6 Kd7 29. Rf7+ Kc6 30. Ne7+ Kb6 31. Nxc8+ Rxc8 32. Rd1 Nc6 33. Rxd6 Re8 34. Rh7 Ka5 35. Rxh6 Kb4 36. Bxe6 Re7 37. Bd5 Ne5 38. h4 a5 39. Rb6+ Ka3 40. Rb5 Ned3 41. Rxa5+ Kb2 42. Rf6 Kc3 43. h5 Kd4 44. h6 Ne5 45. Ra8 Ng4 46. Rg6 Ne5 47. Rg3 Rh7 48. Rh3 Ncd3 49. Rf8 b6 50. Rf6 Nc1 51. Rxb6 Ne2+ 52. Kf2 Nf4 53. Rh4 Nfd3+ 54. Kg1 Nf4 55. Rxf4 1-0

[Event "Wch Blitz"]
[Site "Samarkand"]
[Date "2023.12.29"]
[Round "9"]
[White "O'Gorman, Tom"]
[Black "Bogdan, David"]
[Result "1-0"]
[WhiteElo "2322"]
[BlackElo "1671"]
[PlyCount "57"]
[EventDate "2023.12.29"]
[EventType "swiss (blitz)"]
[EventRounds "21"]
[EventCountry "UZB"]
[SourceTitle "CB01_2024"]
[SourceDate "2024.01.03"]
[SourceVersion "1"]
[SourceVersionDate "2024.01.03"]
[SourceQuality "1"]

1. e4 c5 2. Nf3 Nc6 3. Nc3 e6 4. g3 a6 5. Bg2 d6 6. 0-0 Nf6 7. d4 cxd4 8. Nxd4 Be7 9. Nxc6 bxc6 10. e5 Nd5 11. exd6 Qxd6 12. Ne4 Qc7 13. c4 Nf6 14. Qf3 Bd7 15. Rd1 Rc8 16. b3 Nxe4 17. Qxe4 Bf6 18. Bf4 Qa7 19. Be5 Bxe5 20. Qxe5 0-0 21. c5 Rfd8 22. Rd6 Be8 23. Rad1 Qe7 24. h4 Bd7 25. Qd4 Rc7 26. Bxc6 e5 27. Qd2 Rxc6 28. Rxc6 f6 29. Rd6 1-0

[Event "Wch Blitz"]
[Site "Samarkand"]
[Date "2023.12.29"]
[Round "3"]
[White "Quparadze, Giga"]
[Black "O'Gorman, Tom"]
[Result "1-0"]
[WhiteElo "2491"]
[BlackElo "2322"]
[PlyCount "107"]
[EventDate "2023.12.29"]
[EventType "swiss (blitz)"]
[EventRounds "21"]
[EventCountry "UZB"]
[SourceTitle "CB01_2024"]
[SourceDate "2024.01.03"]
[SourceVersion "1"]
[SourceVersionDate "2024.01.03"]
[SourceQuality "1"]

1. e4 e5 2. Nf3 Nc6 3. Bb5 a6 4. Ba4 Nf6 5. 0-0 Be7 6. Re1 b5 7. Bb3 0-0 8. a4 Bb7 9. d3 Re8 10. Nc3 Na5 11. Ba2 b4 12. Nd5 Nxd5 13. Bxd5 c6 14. Ba2 d6 15. Bd2 c5 16. c3 bxc3 17. Bxc3 Nc6 18. Qb3 Rb8 19. Qxf7+ Kh8 20. Bd5 Rf8 21. Qh5 Nd4 22. Bxd4 exd4 23. Bxb7 Rxb7 24. Rab1 Qe8 25. Qd5 Rb4 26. e5 Qf7 27. Qxf7 Rxf7 28. exd6 Bxd6 29. Re6 Rf6 30. Rxf6 gxf6 31. b3 Kg7 32. g3 Rb8 33. Kf1 Re8 34. Nd2 Kf7 35. Rc1 Ke6 36. Re1+ Kd7 37. Rxe8 Kxe8 38. Ke2 Kd7 39. Kf3 f5 40. h3 Ke6 41. g4 Be7 42. Nf1 Bd6 43. Ng3 fxg4+ 44. hxg4 Kd5 45. Ne4 Be7 46. Kf4 Kc6 47. Nd2 Bh4 48. f3 Kd5 49. Kf5 Be7 50. g5 Bd8 51. f4 Be7 52. Ne4 Kc6 53. Ke6 Bd8 54. f5 1-0

[Event "Wch Blitz"]
[Site "Samarkand"]
[Date "2023.12.29"]
[Round "10"]
[White "Yonal, Timur"]
[Black "O'Gorman, Tom"]
[Result "1/2-1/2"]
[WhiteElo "2003"]
[BlackElo "2322"]
[PlyCount "165"]
[EventDate "2023.12.29"]
[EventType "swiss (blitz)"]
[EventRounds "21"]
[EventCountry "UZB"]
[SourceTitle "CB01_2024"]
[SourceDate "2024.01.03"]
[SourceVersion "1"]
[SourceVersionDate "2024.01.03"]
[SourceQuality "1"]

1. e4 c5 2. Nf3 d6 3. Bb5+ Bd7 4. Bxd7+ Nxd7 5. 0-0 Ngf6 6. Re1 e6 7. c3 Be7 8. d4 0-0 9. Bf4 cxd4 10. cxd4 d5 11. e5 Ne4 12. Nbd2 Nxd2 13. Qxd2 Qb6 14. Rec1 Rfc8 15. Rc2 Qa6 16. a3 Nb6 17. Rac1 Nc4 18. Qe2 Rc6 19. b3 Nxa3 20. Qxa6 Rxa6 21. Rc7 Bf8 22. Rxb7 Rb6 23. Rxb6 axb6 24. g3 Nb5 25. Rc6 Rb8 26. Kg2 Ba3 27. Bd2 Bb2 28. Be3 Kf8 29. Rc2 Ba3 30. Rc6 Ke7 31. Rc2 Kd7 32. Kf1 h6 33. Ke2 Bb4 34. Kd3 Ra8 35. Bd2 Be7 36. Bc1 Ra1 37. Nd2 Bg5 38. f4 Be7 39. Nf3 Nc7 40. Kd2 Na6 41. Bb2 Rh1 42. Rc1 Rxc1 43. Bxc1 Kc6 44. Bb2 Kb5 45. Bc3 Nb4 46. Ne1 Na2 47. Nd3 h5 48. h3 g6 49. Kc2 Nxc3 50. Kxc3 Bf8 51. g4 hxg4 52. hxg4 Bh6 53. Kc2 Bf8 54. Kc3 Be7 55. Kc2 g5 56. f5 exf5 57. gxf5 g4 58. f6 Bf8 59. Nf4 Kc6 60. Kd3 Bh6 61. Nh5 Kd7 62. Ke2 Ke6 63. Kf2 Kf5 64. Ng7+ Kg6 65. Ne8 Bf4 66. Nc7 g3+ 67. Kf3 g2 68. Kxg2 Be3 69. Nxd5 Bxd4 70. Ne7+ Kg5 71. Nc6 Bc3 72. Kf3 Kf5 73. Nd8 Bxe5 74. Nxf7 Bxf6 75. Nd6+ Ke6 76. Nc4 b5 77. Nd2 Kd5 78. Ke2 Kd4 79. Kd1 Kc3 80. Ne4+ Kxb3 81. Nxf6 Ka2 82. Nd5 b4 83. Nxb4+ 1/2-1/2

[Event "Wch Rapid"]
[Site "Samarkand"]
[Date "2023.12.27"]
[Round "7"]
[White "O'Gorman, Tom"]
[Black "Demchenko, Anton"]
[Result "1/2-1/2"]
[WhiteElo "2322"]
[BlackElo "2609"]
[PlyCount "184"]
[EventDate "2023.12.26"]
[EventType "swiss (rapid)"]
[EventRounds "13"]
[EventCountry "UZB"]
[SourceTitle "CB01_2024"]
[SourceDate "2024.01.03"]
[SourceVersion "1"]
[SourceVersionDate "2024.01.03"]
[SourceQuality "1"]

1. d4 Nf6 2. c4 d6 3. Nc3 e5 4. Nf3 Nc6 5. dxe5 dxe5 6. Qxd8+ Kxd8 7. Bg5 Be6 8. Nd5 Bb4+ 9. Nxb4 Nxb4 10. 0-0-0+ Kc8 11. a3 Nc6 12. Bxf6 gxf6 13. e3 a5 14. b3 Nb8 15. Nd2 Nd7 16. Bd3 f5 17. Kb2 c6 18. b4 Kc7 19. f4 axb4 20. axb4 Ra4 21. Ra1 Rxb4+ 22. Kc3 c5 23. Nb3 e4 24. Be2 Rb6 25. Ra5 Rc6 26. Rb1 h5 27. Ra7 Rb6 28. Rba1 h4 29. R1a5 Kd6 30. Ra8 Rh6 31. Rc8 Rc6 32. Rd8 Ke7 33. Rda8 Rc7 34. R5a7 Kd6 35. Na5 b6 36. Nb7+ Ke7 37. Nd8 Rxa7 38. Nc6+ Kf6 39. Nxa7 Kg7 40. Nb5 Rg6 41. Bf1 Nf6 42. h3 Nh5 43. Nc7 Ng3 44. Ra1 Nxf1 45. Rxf1 Rxg2 46. Re1 Ra2 47. Kb3 Rh2 48. Kc3 Rxh3 49. Na8 Rh2 50. Nxb6 Ra2 51. Rh1 Ra3+ 52. Kd2 Rd3+ 53. Ke2 Rb3 54. Na4 Bxc4+ 55. Kf2 Bb5 56. Nxc5 Rc3 57. Nb7 Rc2+ 58. Kg1 Rc6 59. Rxh4 Ba6 60. Na5 Rc3 61. Kf2 Rc2+ 62. Kg1 Rc1+ 63. Kf2 Kg6 64. Rh3 Rf1+ 65. Kg2 Ra1 66. Rg3+ Kf6 67. Nc6 Be2 68. Ne5 Ra2 69. Kg1 Ra3 70. Rh3 Bg4 71. Rg3 Ke6 72. Kf2 Ra2+ 73. Kg1 Be2 74. Nc6 Kd6 75. Nd4 Bg4 76. Rg2 Ra1+ 77. Kf2 Kd5 78. Rg1 Ra2+ 79. Kg3 Kc4 80. Rb1 Kd3 81. Rb3+ Kd2 82. Kf2 Kd1+ 83. Kg3 Ra6 84. Rb5 Kd2 85. Nxf5 Bxf5 86. Rxf5 Kxe3 87. Rxf7 Rg6+ 88. Kh4 Rg1 89. Kh5 Kf3 90. Kh6 e3 91. f5 Kf4 92. Re7 Re1 1/2-1/2

[Event "UK Blitz op Final"]
[Site "Leamington Spa"]
[Date "2023.12.02"]
[Round "8"]
[White "Ghasi, Ameet K"]
[Black "O'Gorman, Tom"]
[Result "0-1"]
[WhiteElo "2509"]
[BlackElo "2322"]
[PlyCount "104"]
[EventDate "2023.12.02"]
[EventType "tourn (blitz)"]
[EventRounds "15"]
[EventCountry "ENG"]
[EventCategory "3"]
[SourceTitle "CB49_2023"]
[SourceDate "2023.12.06"]
[SourceVersion "1"]
[SourceVersionDate "2023.12.06"]
[SourceQuality "1"]

1. Nf3 d5 2. g3 Nd7 3. Bg2 e5 4. 0-0 Ngf6 5. d3 Bd6 6. Nbd2 0-0 7. e4 c6 8. c3 Re8 9. Qc2 h6 10. b3 a5 11. a3 b6 12. Re1 Ba6 13. Bb2 Bf8 14. b4 Qc7 15. Rac1 Bb7 16. Bf1 axb4 17. cxb4 c5 18. b5 Qb8 19. Bh3 c4 20. exd5 cxd3 21. Qxd3 Nc5 22. Qb1 e4 23. Nd4 Bxd5 24. Nc6 Qb7 25. Bxf6 gxf6 26. Bf5 Nd3 27. Bxe4 Bxe4 28. Nxe4 Nxe1 29. Nxf6+ Kg7 30. Nxe8+ Rxe8 31. Rxe1 Rxe1+ 32. Qxe1 Bc5 33. Qe5+ Kg8 34. a4 Qd7 35. a5 Qd2 36. Qf6 bxa5 37. Ne5 Qd5 38. Ng4 Qd1+ 39. Kg2 Qxg4 40. b6 Qe4+ 41. Kg1 Qb1+ 42. Kg2 Qxb6 43. Qf5 Qc6+ 44. Kg1 Bb4 45. Qg4+ Qg6 46. Qc8+ Kg7 47. Qd7 Qe6 48. Qd4+ Qf6 49. Qe4 Bc3 50. Kg2 Qd4 51. Qe2 a4 52. Qa2 Bb2 0-1

[Event "UK Blitz op Final"]
[Site "Leamington Spa"]
[Date "2023.12.02"]
[Round "3"]
[White "O'Gorman, Tom"]
[Black "Gasanov, Eldar"]
[Result "1-0"]
[WhiteElo "2322"]
[BlackElo "2487"]
[PlyCount "103"]
[EventDate "2023.12.02"]
[EventType "tourn (blitz)"]
[EventRounds "15"]
[EventCountry "ENG"]
[EventCategory "3"]
[SourceTitle "CB49_2023"]
[SourceDate "2023.12.06"]
[SourceVersion "1"]
[SourceVersionDate "2023.12.06"]
[SourceQuality "1"]

1. e4 c5 2. Nf3 e6 3. Nc3 a6 4. g3 b5 5. Bg2 Bb7 6. d4 cxd4 7. Nxd4 Nc6 8. 0-0 Rc8 9. Re1 Bc5 10. Be3 Qb6 11. Nxc6 Bxc6 12. Nd5 Bxd5 13. exd5 Nf6 14. dxe6 fxe6 15. c3 0-0 16. Bxc5 Qxc5 17. Qd2 Rf7 18. Qe3 Qf5 19. h3 Rcf8 20. Rad1 h6 21. Rd4 Qc2 22. Rd2 Qg6 23. Rd6 Ne8 24. Rd2 Nf6 25. Qd4 Nh7 26. a4 Ng5 27. axb5 axb5 28. Red1 d5 29. Qe5 Qh5 30. Re1 Rf6 31. h4 Nf3+ 32. Bxf3 Qxf3 33. Re3 Qg4 34. Rd4 Qh3 35. Rd2 Rg6 36. Qd4 Kh8 37. Rde2 Rgf6 38. Qc5 Ra8 39. Re1 Qf5 40. R3e2 Rb8 41. Qd6 Re8 42. Qe5 Qd3 43. Qe3 Qc4 44. Qe5 Ref8 45. Qd4 Qb3 46. Rxe6 Qxb2 47. Rxf6 Rxf6 48. Re8+ Kh7 49. Qd3+ g6 50. Re7+ Kg8 51. Qxd5+ Kf8 52. Qd8# 1-0

[Event "UK Blitz op Final"]
[Site "Leamington Spa"]
[Date "2023.12.02"]
[Round "15"]
[White "O'Gorman, Tom"]
[Black "Kozusek, Daniel"]
[Result "1-0"]
[WhiteElo "2322"]
[BlackElo "2365"]
[PlyCount "59"]
[EventDate "2023.12.02"]
[EventType "tourn (blitz)"]
[EventRounds "15"]
[EventCountry "ENG"]
[EventCategory "3"]
[SourceTitle "CB49_2023"]
[SourceDate "2023.12.06"]
[SourceVersion "1"]
[SourceVersionDate "2023.12.06"]
[SourceQuality "1"]

1. e4 c6 2. Nf3 d5 3. d3 g6 4. Be2 Bg7 5. 0-0 e5 6. b3 f6 7. Bb2 Nh6 8. Nbd2 0-0 9. a4 Nf7 10. Re1 Na6 11. Bf1 Nc7 12. a5 Nd6 13. d4 dxe4 14. Nxe4 Nxe4 15. Rxe4 f5 16. Rxe5 Bxe5 17. Nxe5 Be6 18. a6 Qc8 19. axb7 Qxb7 20. Qf3 Bd5 21. Qh3 Ne6 22. c4 Be4 23. Qc3 f4 24. f3 Bf5 25. d5 cxd5 26. cxd5 Qxd5 27. Bc4 Qc5+ 28. Kh1 Rac8 29. Nd7 Qe7 30. Nxf8 1-0

[Event "UK Blitz op Final"]
[Site "Leamington Spa"]
[Date "2023.12.02"]
[Round "5"]
[White "O'Gorman, Tom"]
[Black "Willow, Jonah B"]
[Result "1/2-1/2"]
[WhiteElo "2322"]
[BlackElo "2427"]
[PlyCount "108"]
[EventDate "2023.12.02"]
[EventType "tourn (blitz)"]
[EventRounds "15"]
[EventCountry "ENG"]
[EventCategory "3"]
[SourceTitle "CB49_2023"]
[SourceDate "2023.12.06"]
[SourceVersion "1"]
[SourceVersionDate "2023.12.06"]
[SourceQuality "1"]

1. e4 c5 2. Nf3 Nc6 3. Nc3 g6 4. g3 Bg7 5. Bg2 e6 6. 0-0 Nge7 7. Re1 d6 8. d3 0-0 9. Be3 Rb8 10. a4 a6 11. Qd2 Nd4 12. Bh6 Nxf3+ 13. Bxf3 Nc6 14. Bg2 b5 15. axb5 axb5 16. h4 b4 17. Bxg7 Kxg7 18. Ne2 Bd7 19. h5 Qf6 20. c3 Ra8 21. d4 bxc3 22. bxc3 cxd4 23. cxd4 e5 24. dxe5 Qxe5 25. h6+ Kg8 26. Rad1 Bg4 27. Qxd6 Qxd6 28. Rxd6 Ne5 29. Nf4 Rfd8 30. Rxd8+ Rxd8 31. Nd5 Nd7 32. Bf1 Be6 33. Bb5 Bxd5 34. exd5 Nf6 35. Bc6 Kf8 36. Re5 Ng4 37. Re4 Nxh6 38. g4 Ng8 39. Kg2 Nf6 40. Rd4 Rd6 41. g5 Ng8 42. Kf3 h6 43. gxh6 Nxh6 44. Ke4 Nf5 45. Ra4 Ke7 46. Ra7+ Kf6 47. Rd7 Rxd7 48. Bxd7 Nd6+ 49. Kd4 Ke7 50. Bh3 f5 51. Kc5 Ne4+ 52. Kc6 Nd6 53. Bg2 Nc4 54. Kc7 Nd6 1/2-1/2

[Event "London Mindsports op"]
[Site "London"]
[Date "2023.09.15"]
[Round "6"]
[White "Buckley, Graeme N"]
[Black "O'Gorman, Tom"]
[Result "1/2-1/2"]
[WhiteElo "2349"]
[BlackElo "2313"]
[PlyCount "98"]
[EventDate "2023.09.13"]
[EventType "swiss"]
[EventRounds "9"]
[EventCountry "ENG"]
[SourceTitle "EXT 2024"]
[Source "ChessBase"]
[SourceDate "2023.10.10"]
[SourceVersion "1"]
[SourceVersionDate "2023.10.10"]
[SourceQuality "1"]

1. e4 e5 2. Nf3 Nc6 3. Bb5 a6 4. Ba4 Nf6 5. 0-0 Be7 6. Re1 b5 7. Bb3 0-0 8. a4 Bb7 9. d3 d6 10. c3 Na5 11. Bc2 c5 12. Nbd2 Nc6 13. Nf1 Re8 14. Ng3 g6 15. h3 Bf8 16. d4 exd4 17. cxd4 Bg7 18. d5 Nb4 19. Bb1 Nd7 20. Bg5 Qc7 21. Qd2 Nb6 22. axb5 Nc4 23. Qf4 Bxb2 24. Bf6 Bxf6 25. Qxf6 axb5 26. Rxa8 Bxa8 27. Qh4 Qe7 28. Ng5 f6 29. Ne6 Bb7 30. f4 Bc8 31. f5 Bxe6 32. dxe6 Ne5 33. Rd1 c4 34. Ne2 Kg7 35. Qf2 Qc7 36. Nc3 Rb8 37. Kh1 Qc5 38. Qg3 Ned3 39. Rf1 Qe5 40. Qe3 Rb7 41. Ne2 gxf5 42. Rxf5 Qxe6 43. Nd4 Qe7 44. Rf3 Kh8 45. Rg3 Qe5 46. Nf5 Qf4 47. Qd4 Qe5 48. Qe3 Qf4 49. Qd4 Qe5 1/2-1/2

[Event "Titled Tuesday intern op 25th Jul Late"]
[Site "Chess.com INT"]
[Date "2023.07.25"]
[Round "1"]
[White "Carlsen, Magnus"]
[Black "O'Gorman, Tom"]
[Result "1-0"]
[WhiteElo "2835"]
[BlackElo "2313"]
[PlyCount "53"]
[EventDate "2023.07.25"]
[EventType "swiss (blitz)"]
[EventRounds "11"]
[EventCountry "USA"]
[SourceTitle "EXT 2024"]
[Source "ChessBase"]
[SourceDate "2023.10.10"]
[SourceVersion "1"]
[SourceVersionDate "2023.10.10"]
[SourceQuality "1"]

1. b3 e5 2. Bb2 Nc6 3. c4 Nf6 4. e3 Be7 5. Nf3 e4 6. Nd4 0-0 7. Nf5 d5 8. Nxe7+ Qxe7 9. cxd5 Nxd5 10. Nc3 Ndb4 11. a3 Nd3+ 12. Bxd3 exd3 13. Nd5 Qd6 14. Qh5 Re8 15. 0-0 Ne5 16. Nf4 Ng6 17. Qg5 Be6 18. Nh5 f6 19. Nxf6+ gxf6 20. Qxf6 Qe7 21. Qc3 Rad8 22. f4 Bf5 23. e4 Bxe4 24. Rae1 Rd7 25. f5 Nh4 26. Qh8+ Kf7 27. Qg7# 1-0

[Event "Titled Tuesday intern op 25th Jul Late"]
[Site "Chess.com INT"]
[Date "2023.07.25"]
[Round "3"]
[White "Glashausser, Sho"]
[Black "O'Gorman, Tom"]
[Result "0-1"]
[WhiteElo "1924"]
[BlackElo "2313"]
[PlyCount "60"]
[EventDate "2023.07.25"]
[EventType "swiss (blitz)"]
[EventRounds "11"]
[EventCountry "USA"]
[SourceTitle "EXT 2024"]
[Source "ChessBase"]
[SourceDate "2023.10.10"]
[SourceVersion "1"]
[SourceVersionDate "2023.10.10"]
[SourceQuality "1"]

1. d4 Nf6 2. Nc3 d5 3. Bf4 Bf5 4. f3 e6 5. g4 Bg6 6. h4 h6 7. e3 Bd6 8. Nge2 Nc6 9. Qd2 e5 10. Bg3 a6 11. a3 0-0 12. 0-0-0 Re8 13. Bg2 Na5 14. dxe5 Nc4 15. Qd4 c5 16. Qf4 Bxe5 17. Qxc4 dxc4 18. Rxd8 Raxd8 19. Bxe5 Rxe5 20. f4 Rxe3 21. f5 Bh7 22. g5 Ng4 23. Bxb7 Bxf5 24. gxh6 Nxh6 25. Nf4 Rd6 26. Bd5 Ng4 27. Bxc4 Ne5 28. Bd5 Ng6 29. Nxg6 Rxg6 30. Rf1 Be6 0-1

[Event "Titled Tuesday intern op 27th Jun Late"]
[Site "Chess.com INT"]
[Date "2023.06.27"]
[Round "1"]
[White "O'Gorman, Tom"]
[Black "Bongo Akanga Ndjila, Barthelemy"]
[Result "1-0"]
[WhiteElo "2313"]
[BlackElo "1824"]
[PlyCount "91"]
[EventDate "2023.06.27"]
[EventType "swiss (blitz)"]
[EventRounds "11"]
[EventCountry "USA"]
[SourceTitle "EXT 2024"]
[Source "ChessBase"]
[SourceDate "2023.10.10"]
[SourceVersion "1"]
[SourceVersionDate "2023.10.10"]
[SourceQuality "1"]

1. e4 c6 2. Nc3 d5 3. Nf3 dxe4 4. Nxe4 Nf6 5. Qe2 Bf5 6. Nxf6+ gxf6 7. d4 e6 8. g3 Bg4 9. c3 Bd6 10. Bg2 Nd7 11. 0-0 Qc7 12. h3 Bf5 13. Nh4 Bg6 14. c4 c5 15. d5 0-0-0 16. dxe6 fxe6 17. Nxg6 hxg6 18. Qxe6 Rde8 19. Qg4 g5 20. Bd2 Kb8 21. Bc3 Be5 22. Rac1 Bxc3 23. Rxc3 Ne5 24. Qf5 Rhf8 25. Rb3 Nc6 26. Qxc5 Kc8 27. Bxc6 Qxc6 28. Qxc6+ bxc6 29. Re3 Rxe3 30. fxe3 f5 31. Kf2 f4 32. exf4 gxf4 33. Kg2 Re8 34. Rxf4 Re2+ 35. Rf2 Re4 36. b3 Kc7 37. h4 Kd6 38. Kf3 Re1 39. g4 Rg1 40. h5 Kc5 41. Rh2 Rf1+ 42. Ke4 Rg1 43. Kf5 Rf1+ 44. Kg5 Kb4 45. h6 Rf7 46. h7 1-0